000
00287nam a22001337a 4500
008
170602b xxu||||| |||| 00| 0 eng d
020
_a
007027990
041
_a
eng
080
_a
94
100
_a
17
101
_a
SHH
245
_a
THE GOLD WAR DEBATE
_c
LEVINE.H.M
942
_2
udc
_c
BK
999
_c
15736
_d
15736